| 000 | 00518nam a2200181 i 4500 | ||
|---|---|---|---|
| 001 | 50073 | ||
| 003 | ES-MaACL | ||
| 005 | 20230906162122.0 | ||
| 007 | t| | ||
| 008 | 030729s1972 sp ||||1| spa d | ||
| 100 | 1 |
_aCristóbal, Ramiro. _941638 |
|
| 245 | 1 | 0 |
_aNombres de la historia económica / _cRamiro Cristóbal. |
| 260 |
_aMadrid : _bEspejo, _c1972. |
||
| 300 |
_a319 p., 6 lám. ; _c19 cm. |
||
| 650 | 0 | 4 |
_aEconomistas. _912040 |
| 650 | 0 | 4 |
_aEconomía- _vHistoria. _912012 |
| 852 |
_aES-MaACL _jC-49800 _bR.84725 |
||
| 999 |
_c50073 _d50073 |
||